|
|
|
|
| LEADER |
00000nam a2200000 a 4500 |
| 001 |
vtls001326905 |
| 003 |
SK-MaSNL |
| 005 |
20260301224752.0 |
| 008 |
240313s1920 xx 0 und |
| 035 |
|
|
|a SNK000279690
|
| 040 |
|
|
|a SNK
|b slo
|c SNK
|e AACR2
|
| 100 |
1 |
|
|a Rázus, Martin,
|d 1888-1937
|4 aut
|9 15510
|
| 245 |
1 |
|
|a Hana
|b dráma
|
| 250 |
|
|
|a 1. vyd.
|
| 260 |
|
|
|a Turčiansky Sv. Martin
|b Kníhtlačiarsky účastinársky spolok
|c 1920
|
| 300 |
|
|
|a 64 s.
|
| 999 |
|
|
|c 948521
|d 950451
|
| 952 |
|
|
|t P60, <04>, [BOOK], {604}
|a SNK
|b SNK
|y VYP
|7 0
|p 17A0132466
|o snkSD 648 D1
|0 0
|1 0
|4 0
|d 1998-04-02
|l 0
|r 2005-01-02 00:00:00
|w 2026-02-24
|
| 952 |
|
|
|t P60, <03>, [BOOK], {603}
|a SNK
|b SNK
|y PREZ
|7 0
|p 17A0164803
|o snkSD 648
|0 0
|1 0
|4 0
|d 1998-10-12
|l 0
|r 2025-10-20 00:00:00
|w 2026-02-24
|
| 952 |
|
|
|t P60, <04>, [BOOK], {604}
|a SNK
|b SNK
|y VYP
|7 0
|p 17A0394190
|o snkSD 648 D2
|i snk3283/55
|0 0
|1 0
|4 0
|d 2003-09-23
|l 0
|r 2005-01-02 00:00:00
|w 2026-02-24
|
| 952 |
|
|
|t P60, <04>, [BOOK], {604}
|a SNK
|b SNK
|y VYP
|7 0
|p 17A0394561
|o snkSD 648 D3
|i snkK 514/67
|0 0
|1 0
|4 0
|d 2003-09-23
|l 0
|r 2005-01-02 00:00:00
|w 2026-02-24
|
| 952 |
|
|
|a SNKLM
|b SNKLM
|y NEVYP
|7 0
|o snklmMK 6374
|8 2
|0 0
|1 0
|4 0
|d 2006-12-13
|l 0
|r 2026-02-24 09:40:39
|w 2026-02-24
|
| 952 |
|
|
|a SNKLM
|b SNKLM
|y NEVYP
|7 0
|o snklmMK 5299
|8 3
|0 0
|1 0
|4 0
|d 2006-10-03
|l 0
|r 2026-02-24 09:40:39
|w 2026-02-24
|